Teoretické východiská menovej únie bakalárska práca

Gespeichert in:
Bibliographische Detailangaben
1. Verfasser: Držka, Michal, 1989-
Körperschaft: Fakulta medzinárodných vzťahov EU. Katedra medzinárodných ekonomických vzťahov a hospodárskej diplomacie
Weitere Verfasser: Holzerová, Petra
Format: Buch
Sprache:Slowakisch
Veröffentlicht: Bratislava 2010
Tags: Tag hinzufügen
Keine Tags, Fügen Sie das erste Tag hinzu!

MARC

LEADER 00000nam$a2200000$$$4500
001 0136849
005 20240320074536.2
041 0 |a slo 
044 |a SK 
245 1 0 |a Teoretické východiská menovej únie  |b bakalárska práca  |c Michal Držka ; školiteľ: Petra Holzerová 
264 1 |a Bratislava  |c 2010 
300 |a 50 s. 
100 1 |a Držka, Michal, 1989- 
700 1 |a Holzerová, Petra 
710 2 |a Fakulta medzinárodných vzťahov EU. Katedra medzinárodných ekonomických vzťahov a hospodárskej diplomacie